000 00904cam a2200277 a 4500
001 4518685
003 ARRUPE
005 20140210104345.0
008 980909s1998 miu b 000 0 eng
010 _a98016156
020 _a0802842461 (pbk. : alk. paper)
035 _a(OCoLC)38856157
035 _a(OCoLC)ocm38856157
035 _a(NNC)4518685
040 _aDLC
_cDLC
_dDLC
_dNNUT
050 _aBS1430.3
_b.D35 1998
090 _aBS1430.3
_b.D35 1998
100 1 _aDavidson, Robert,
_d1927-2012.
_98565
245 1 4 _aThe vitality of worship :
_ba commentary on the book of Psalms /
_cRobert Davidson
260 _aGrand Rapids, Mich. :
_bW.B. Eerdmans ;
_aEdinburgh :
_bHandsel Press,
_cc1998
300 _aix, 484 p. ;
_c23 cm
504 _aIncludes bibliographical references (p. 481-484)
630 0 0 _aBible. O.T.
_pPsalms
_vCommentaries.
_98566
942 _2lcc
_cMONOGRAPH
999 _c120019
_d120019